[Event "Amber-blind 10th"]
[Site "Monte Carlo"]
[Date "2001.03.27"]
[Round "9"]
[White "Piket, Jeroen"]
[Black "Gelfand, Boris"]
[Result "1/2-1/2"]
[WhiteElo "2632"]
[BlackElo "2712"]
[PlyCount "54"]
[EventDate "2001.03.17"]
[Source "ChessBase"]
[SourceDate "2001.05.06"]

1. d4 Nf6 2. c4 e6 3. Nc3 Bb4 4. Qb3 c5 5. dxc5 Bxc5 6. Nf3 O-O 7. Bg5 Nc6 8. e3 b6 9. Rd1 Be7 10. Bd3 Bb7 11. O-O h6 12. Bh4 Na5 13. Qc2 Rc8 14. Qe2 Bxf3 15. gxf3 d5 16. cxd5 Nxd5 17. Bxe7 Nxc3 18. Bxd8 Nxe2+ 19. Bxe2 Rfxd8 20. Ba6 Rxd1 21. Rxd1 Rc7 22. Rd8+ Kh7 23. Rd4 Kg6 24. a3 Nb3 25. Rd8 Kf6 26. Kg2 Rc2 27. Rd7 Nc5 1/2-1/2

[Event "Monaco (Melody Amber)"]
[Site "?"]
[Date "1992.??.??"]
[Round "?"]
[White "Piket, J."]
[Black "Karpov, A."]
[Result "1/2-1/2"]
[WhiteElo "2615"]
[BlackElo "2725"]
[PlyCount "144"]
[EventDate "1992.??.??"]
[Source "www.chesslib.no"]
[SourceDate "2004.05.04"]

1. d4 Nf6 2. c4 e6 3. Nc3 Bb4 4. Qb3 c5 5. dxc5 Bxc5 6. Nf3 b6 7. Bg5 Bb7 8. Rd1 O-O 9. e3 Be7 10. Be2 Na6 11. O-O Nc5 12. Qc2 Nce4 13. Bxf6 Nxf6 14. e4 d6 15. Rd2 Qc7 16. Rfd1 a6 17. Nd4 Rfd8 18. Qd3 Bf8 19. Qh3 e5 20. Nf5 Nxe4 21. Nxe4 Bxe4 22. Ne3 b5 23. cxb5 axb5 24. Bxb5 Rxa2 25. Bc4 Ra7 26. b3 Qc8 27. Qg3 Re8 28. h4 Kh8 29. Bb5 Re6 30. Qg4 Qb7 31. Bc4 Rg6 32. Qh3 Bc6 33. Bd3 Rf6 34. Bc4 Bd7 35. Qh2 Be6 36. h5 Qa8 37. Nd5 Rh6 38. Qh4 g6 39. Nb6 Qe8 40. Be2 gxh5 41. Nc4 Qe7 42. Qe4 f5 43. Qc6 Bd7 44. Qb6 Be8 45. Rxd6 Rxd6 46. Nxd6 Rd7 47. Nxf5 Rxd1+ 48. Bxd1 Qg5 49. Ne3 Bg6 50. Qb8 Qf4 51. g3 Qf6 52. Nd5 Qd6 53. Qxd6 Bxd6 54. b4 Be4 55. Nc3 Bd3 56. b5 Bc7 57. Nd5 Bb8 58. b6 Bc4 59. Nf6 Be6 60. Bxh5 Bd6 61. Ne4 Bb8 62. Nc5 Bd5 63. Be8 Bd6 64. Na6 Bb7 65. Bb5 Kg7 66. Nc7 Kf8 67. Ne6+ Ke7 68. Ng5 h5 69. Be2 Bc5 70. Bxh5 Bxb6 71. Bf3 Bc8 72. Ne4 Bd4 1/2-1/2

[Event "Brno"]
[Site "Brno"]
[Date "1993.??.??"]
[Round "9"]
[White "Malaniuk, Vladimir P"]
[Black "Chernin, Alexander"]
[Result "1/2-1/2"]
[WhiteElo "2635"]
[BlackElo "2615"]
[PlyCount "24"]
[EventDate "1993.08.??"]
[Source "ChessBase"]

1. d4 Nf6 2. c4 e6 3. Nc3 Bb4 4. Qb3 c5 5. Nf3 O-O 6. Bg5 h6 7. Bh4 d6 8. e3 Nbd7 9. Bd3 b6 10. O-O Bxc3 11. Qxc3 Bb7 12. Nd2 Rc8 1/2-1/2

[Event "Thessaloniki ol (Men)"]
[Site "Thessaloniki GRE"]
[Date "1988.??.??"]
[Round "11"]
[White "Nikolic, Predrag"]
[Black "Ribli, Zoltan"]
[Result "1/2-1/2"]
[WhiteElo "2630"]
[BlackElo "2620"]
[PlyCount "105"]
[EventDate "1988.11.??"]
[Source "www.chesslib.no"]
[SourceDate "2004.05.04"]

1. d4 Nf6 2. c4 e6 3. Nc3 Bb4 4. Qb3 c5 5. a3 Bxc3+ 6. Qxc3 cxd4 7. Qxd4 Nc6 8. Qd1 b6 9. Nf3 O-O 10. e3 Bb7 11. b4 Qe7 12. Bb2 d6 13. Be2 Rac8 14. O-O Rfd8 15. Rc1 h6 16. Qb3 Nb8 17. Rfd1 Nbd7 18. Nd4 a6 19. f3 Rc7 20. Bf1 Rdc8 21. Ne2 d5 22. Nf4 dxc4 23. Rxc4 Rxc4 24. Bxc4 b5 25. Bf1 Nd5 26. Qd3 N7f6 27. Nxd5 Bxd5 28. Qd4 Qb7 29. Qf4 Ne8 30. Bd3 Bb3 31. Rd2 Bd5 32. Kf2 Qe7 33. Bd4 Qd6 34. Be5 Qe7 35. Qd4 Qb7 36. Bb1 Rc1 37. Qd3 f5 38. Rd1 Qc6 39. Bb2 Rxd1 40. Qxd1 Nd6 41. Qd4 Qb7 42. Bd3 Nc4 43. Bxc4 Bxc4 44. a4 Bd5 45. a5 Qc7 46. Ke1 Bc4 47. Kd2 Bf1 48. g3 Bg2 49. f4 Be4 50. Bc3 h5 51. Qe5 Qd7+ 52. Bd4 Kh7 53. h4 1/2-1/2

[Event "USA-ch fin"]
[Site "Salt Lake City"]
[Date "1999.09.09"]
[Round "3"]
[White "Serper, Grigory"]
[Black "Gulko, Boris F"]
[Result "1/2-1/2"]
[WhiteElo "2540"]
[BlackElo "2618"]
[PlyCount "38"]
[EventDate "1999.09.07"]
[Source "ChessBase"]
[SourceDate "1999.12.01"]

1. d4 Nf6 2. c4 e6 3. Nc3 Bb4 4. Qb3 c5 5. dxc5 Na6 6. Nf3 O-O 7. Bg5 Bxc5 8. e3 b6 9. Be2 Bb7 10. O-O Be7 11. Rfd1 Nc5 12. Qc2 Nfe4 13. Bxe7 Qxe7 14. Nxe4 Nxe4 15. Nd2 Nf6 16. Bf3 Bxf3 17. Nxf3 Rfc8 18. Qd3 Qc5 19. b3 d5 1/2-1/2

[Event "JUG Team Ch"]
[Site "Nis YUG"]
[Date "1995.??.??"]
[Round "?"]
[White "Ilincic, Zlatko"]
[Black "Damljanovic, Branko"]
[Result "0-1"]
[WhiteElo "2565"]
[BlackElo "2575"]
[PlyCount "70"]
[EventDate "1995.??.??"]
[Source "www.chesslib.no"]
[SourceDate "2004.05.04"]

1. d4 Nf6 2. c4 e6 3. Nc3 Bb4 4. Qb3 c5 5. a3 Bxc3+ 6. Qxc3 cxd4 7. Qxd4 Nc6 8. Qd1 O-O 9. Nf3 d5 10. cxd5 exd5 11. b4 Bg4 12. Bb2 Re8 13. Nd4 Ne5 14. h3 Bh5 15. Nf5 Nc4 16. Bd4 Bg6 17. g4 Bxf5 18. gxf5 Nd6 19. Qd3 Nfe4 20. f6 Nxf6 21. Rg1 g6 22. Rd1 a5 23. b5 Nfe4 24. Bg2 Rc8 25. Ba1 Qb6 26. Bxe4 Nxe4 27. Rg2 Qe6 28. Kf1 Rc4 29. Rg4 h5 30. Rg2 Rec8 31. Kg1 Rc1 32. f3 Rxd1+ 33. Qxd1 Nc3 34. Qd4 Rc4 35. Qa7 d4 0-1

[Event "It Beer-Sheva"]
[Site "it Beer-Sheva"]
[Date "1992.??.??"]
[Round "?"]
[White "Akopian, Vladimir E"]
[Black "Greenfeld, Alon"]
[Result "1/2-1/2"]
[WhiteElo "2605"]
[BlackElo "2520"]
[PlyCount "75"]
[EventDate "1992.??.??"]
[Source "www.chesslib.no"]
[SourceDate "2004.05.04"]

1. d4 Nf6 2. c4 e6 3. Nc3 Bb4 4. Qb3 Nc6 5. Bg5 h6 6. Bxf6 Qxf6 7. Nf3 O-O 8. e3 Bc5 9. Be2 b6 10. O-O Qe7 11. Ne4 f5 12. Nxc5 bxc5 13. Rad1 Rb8 14. Qa3 Bb7 15. Rd2 Rbd8 16. Rfd1 d6 17. g3 Ba8 18. Ne1 g5 19. Bf1 f4 20. exf4 gxf4 21. Bg2 Nxd4 22. Bxa8 Rxa8 23. Rxd4 cxd4 24. Rxd4 Rad8 25. Rd2 Qh7 26. Qd3 d5 27. c5 e5 28. Qa6 Rfe8 29. Nf3 e4 30. Nd4 e3 31. fxe3 fxe3 32. Rd1 Rd7 33. Qc6 Kh8 34. Rf1 Rdd8 35. Rf6 Qb1+ 36. Rf1 Qh7 37. Rf6 Qb1+ 38. Rf1 1/2-1/2

[Event "Wichern Open"]
[Site "Hamburg GER"]
[Date "1993.??.??"]
[Round "9"]
[White "Malaniuk, Vladimir P"]
[Black "Onischuk, Alexander"]
[Result "1-0"]
[WhiteElo "2600"]
[BlackElo "2495"]
[PlyCount "101"]
[EventDate "1993.10.??"]
[Source "www.chesslib.no"]
[SourceDate "2004.05.04"]

1. d4 Nf6 2. c4 e6 3. Nc3 Bb4 4. Qb3 a5 5. a3 Be7 6. e4 d6 7. Nf3 e5 8. Qc2 Nbd7 9. b3 O-O 10. Be2 Re8 11. O-O exd4 12. Nxd4 c6 13. Be3 Bf8 14. Rad1 Ne5 15. h3 Bd7 16. a4 Qc7 17. Rfe1 Rad8 18. f4 Ng6 19. Bd3 Qb8 20. Nf3 Bc8 21. Bf1 Nd7 22. g3 b6 23. Nd4 Bb7 24. Bg2 Nc5 25. Bf2 Ne7 26. e5 dxe5 27. Rxe5 Qc7 28. Ree1 Ng6 29. h4 Na6 30. h5 Ne7 31. Ne4 h6 32. Rd2 Nb4 33. Qc3 Nc8 34. Rde2 Re7 35. f5 c5 36. Nb5 Qe5 37. f6 Qxc3 38. Nbxc3 Re5 39. g4 Rde8 40. Rd1 Bc6 41. Bg3 R5e6 42. Nd5 Nd6 43. Nxd6 Rxe2 44. Nxe8 Rxe8 45. Nxb6 Re3 46. Bf4 Rxb3 47. Rd8 Bxg2 48. Nd7 Be4 49. Rxf8+ Kh7 50. fxg7 Rb1+ 51. Kh2 1-0

[Event "RUS-ch"]
[Site "Krasnodar"]
[Date "2002.08.30"]
[Round "4"]
[White "Popov, Valerij"]
[Black "Lugovoi, Aleksei"]
[Result "1/2-1/2"]
[WhiteElo "2579"]
[BlackElo "2516"]
[PlyCount "35"]
[EventDate "2002.08.27"]
[Source "ChessBase"]
[SourceDate "2002.11.12"]

1. d4 Nf6 2. c4 e6 3. Nc3 Bb4 4. Qb3 O-O 5. a3 Bxc3+ 6. bxc3 b6 7. Nf3 a5 8. Bg5 Bb7 9. e3 d6 10. Bd3 Nbd7 11. O-O c5 12. Rfd1 Qc7 13. dxc5 bxc5 14. Bh4 Ra6 15. Nd2 a4 16. Qc2 Rb6 17. Ra2 Ra8 18. f3 1/2-1/2

[Event "Nederland (ch)"]
[Site "?"]
[Date "1994.??.??"]
[Round "?"]
[White "van Wely, L."]
[Black "Sosonko, G."]
[Result "1-0"]
[WhiteElo "2570"]
[BlackElo "2525"]
[PlyCount "107"]
[EventDate "1994.??.??"]
[Source "ChessBase"]
[SourceDate "1994.06.01"]

1. d4 Nf6 2. c4 e6 3. Nc3 Bb4 4. Qb3 Nc6 5. Nf3 d5 6. Bg5 h6 7. Bxf6 Qxf6 8. e3 dxc4 9. Bxc4 O-O 10. O-O Bd6 11. Ne4 Qe7 12. Qc3 e5 13. Nxd6 cxd6 14. Bd5 Re8 15. Bxc6 bxc6 16. dxe5 dxe5 17. Rac1 Rb8 18. b3 Rb6 19. Qc5 Qf6 20. Rfd1 e4 21. Rd6 Qb2 22. Nd4 Qxa2 23. Rxc6 Rxc6 24. Qxc6 Rf8 25. Qxe4 a5 26. Qc6 Qb2 27. Rf1 Qa3 28. Qc3 Qb4 29. Qxb4 axb4 30. Ra1 Be6 31. Nxe6 fxe6 32. Ra6 Rc8 33. g4 Rc3 34. Rxe6 Rxb3 35. Rb6 Rb1+ 36. Kg2 b3 37. h4 Kf7 38. h5 Ke7 39. Kf3 Kd7 40. Ke4 Kc7 41. Rb4 Kc6 42. Kf5 b2 43. f4 Kc5 44. Rb8 Kc4 45. Kg6 Rg1 46. Rxb2 Rxg4+ 47. Kf5 Rh4 48. Ke4 Rxh5 49. Rc2+ Kb5 50. Rg2 g5 51. f5 Kc6 52. Ke5 Rh1 53. e4 Ra1 54. Rh2 1-0

[Event "Gibraltar Masters"]
[Site "Catalan Bay"]
[Date "2004.02.01"]
[Round "6"]
[White "Epishin, Vladimir"]
[Black "Pogorelov, Ruslan"]
[Result "1-0"]
[WhiteElo "2633"]
[BlackElo "2451"]
[PlyCount "155"]
[EventDate "2004.01.27"]
[Source "Roberto Alvarez"]
[SourceDate "2004.02.09"]

1. d4 Nf6 2. c4 e6 3. Nc3 Bb4 4. Qb3 c5 5. dxc5 Na6 6. Bd2 Qe7 7. a3 Bxc3 8. Qxc3 Nxc5 9. f3 a5 10. e4 d6 11. Ne2 O-O 12. Ng3 h6 13. Be2 Bd7 14. O-O a4 15. e5 dxe5 16. Qxe5 Na6 17. Be3 Ne8 18. Rad1 f6 19. Qd4 Bc6 20. Bd3 Nec7 21. Bc2 Rad8 22. Qg4 f5 23. Qf4 Rxd1 24. Rxd1 Rd8 25. Rxd8+ Qxd8 26. Qe5 Kf7 27. Ne2 Qh4 28. Qc3 Bd7 29. Bf2 Qg5 30. h4 Qe7 31. Qe5 Bc6 32. Nc3 Qd7 33. Bd4 Ne8 34. Nb5 Bxb5 35. cxb5 Nac7 36. Bxa4 Nd5 37. Bb3 Qxb5 38. Bxd5 Qxd5 39. Qxd5 exd5 40. h5 Nc7 41. Kf2 Ne6 42. Ke3 f4+ 43. Kd3 g6 44. hxg6+ Kxg6 45. a4 Kf7 46. b4 Ke7 47. Be5 Kd7 48. Kc3 Kc6 49. Bd4 b5 50. a5 Kb7 51. Be5 h5 52. Kd2 Kc6 53. Ke2 Kb7 54. Kf1 Kc6 55. Kf2 Kb7 56. g3 fxg3+ 57. Kxg3 d4 58. f4 h4+ 59. Kf2 h3 60. f5 Ng5 61. Bh2 Ne4+ 62. Ke2 Nf6 63. Kd3 Ng4 64. Bg3 Kc6 65. Kxd4 h2 66. Bxh2 Nxh2 67. f6 Nf3+ 68. Ke4 Ng5+ 69. Kf5 Nf7 70. Ke6 Ng5+ 71. Ke7 Kc7 72. f7 Nxf7 73. Kxf7 Kd7 74. Kf6 Kd6 75. Kf5 Kd5 76. Kf4 Kd6 77. Ke4 Ke6 78. a6 1-0

[Event "JUG-chT"]
[Site "Tivat"]
[Date "1995.??.??"]
[Round "10"]
[White "Ilincic, Zlatko"]
[Black "Horvath, Jozsef"]
[Result "0-1"]
[WhiteElo "2555"]
[BlackElo "2510"]
[PlyCount "84"]
[EventDate "1995.??.??"]
[Source "ChessBase"]

1. d4 Nf6 2. c4 e6 3. Nc3 Bb4 4. Qb3 c5 5. a3 Ba5 6. e3 O-O 7. Nf3 d5 8. Be2 cxd4 9. exd4 dxc4 10. Qxc4 a6 11. O-O b5 12. Qd3 Bb7 13. Bg5 Nbd7 14. Rfd1 Qb8 15. Nd2 Bc7 16. Qh3 h6 17. Be3 Nd5 18. Nxd5 Bxd5 19. Bf3 Nf6 20. Rac1 Ra7 21. Rc3 Bf4 22. Qh4 Bxe3 23. fxe3 b4 24. Rd3 bxa3 25. bxa3 Qb5 26. Be2 Qc6 27. Nf3 Be4 28. Ne5 Qc2 29. R1d2 Qc1+ 30. Rd1 Qc2 31. R1d2 Qa4 32. Rc3 Qa5 33. Rdd3 Bxd3 34. Rxd3 Rc7 35. Rb3 Rc1+ 36. Bf1 Qd2 37. Qf4 Rfc8 38. Nd3 Nd5 39. Qf3 R8c3 40. Rxc3 Rxc3 41. e4 Ne3 42. e5 Nxf1 0-1

[Event "BL 0607 SK König-Tegel - TV Tegernsee"]
[Site "Germania"]
[Date "2007.02.25"]
[Round "11.2"]
[White "Stern, Rene"]
[Black "Sokolov, Andrei"]
[Result "1/2-1/2"]
[WhiteElo "2476"]
[BlackElo "2580"]
[PlyCount "27"]
[EventDate "2006.10.28"]
[Source "www.chesslib.no"]
[SourceDate "2004.05.04"]

1. d4 Nf6 2. c4 e6 3. Nc3 Bb4 4. Qb3 c5 5. dxc5 Na6 6. a3 Bxc5 7. Nf3 O-O 8. Bg5 b6 9. e3 Be7 10. Be2 Bb7 11. O-O Nc5 12. Qc2 Nfe4 13. Nxe4 Nxe4 14. Bxe7 1/2-1/2

[Event "World op"]
[Site "Philadelphia"]
[Date "1998.06.29"]
[Round "3"]
[White "Lein, Anatoly"]
[Black "Epishin, Vladimir"]
[Result "0-1"]
[WhiteElo "2465"]
[BlackElo "2590"]
[PlyCount "120"]
[EventDate "1998.06.27"]
[Source "www.chesslib.no"]
[SourceDate "2004.05.04"]

1. d4 Nf6 2. c4 e6 3. Nc3 Bb4 4. Qb3 c5 5. dxc5 Bxc5 6. Nf3 O-O 7. Bg5 Be7 8. e4 d6 9. Be2 Nbd7 10. O-O b6 11. Rfe1 a6 12. Bf1 Qc7 13. Qc2 Bb7 14. Rac1 Rac8 15. Qd1 h6 16. Bf4 Rfd8 17. Nd2 Qb8 18. Bg3 Bf8 19. Qe2 Ne5 20. h3 Qc7 21. Kh2 g5 22. b4 Bg7 23. a3 Ng6 24. Red1 Nd7 25. Nf3 Nde5 26. Nxe5 dxe5 27. f3 Nf4 28. Qe1 Rd4 29. Bf2 Rcd8 30. Be3 Kh7 31. Kg1 Bc6 32. g3 Ng6 33. Rd2 Rxd2 34. Bxd2 f5 35. Qe2 Rd4 36. Be1 h5 37. Qc2 Qd7 38. b5 axb5 39. cxb5 Bb7 40. Rd1 fxe4 41. fxe4 h4 42. Rd3 Bf8 43. a4 Bc5 44. Bf2 Qf7 45. Re3 Rd8 46. Re1 Bd4 47. Nd1 hxg3 48. Bxd4 exd4 49. Qe2 Qf4 50. Bg2 d3 51. Qh5+ Kg7 52. Rf1 Qh4 53. Qf3 Nf4 54. Nc3 Rc8 55. Qxd3 Rxc3 56. Qd4+ Kg6 57. Qd8 Rc8 58. Qd6 Rc2 59. Rxf4 Qxf4 60. Qxe6+ Qf6 0-1

[Event "Groningen"]
[Site "Groningen"]
[Date "1990.??.??"]
[Round "?"]
[White "Piket, Jeroen"]
[Black "Arnason, Jon L"]
[Result "0-1"]
[WhiteElo "2495"]
[BlackElo "2540"]
[PlyCount "64"]
[EventDate "1990.12.??"]
[Source "ChessBase"]

1. d4 Nf6 2. c4 e6 3. Nc3 Bb4 4. Qb3 c5 5. dxc5 Na6 6. a3 Bxc5 7. Nf3 b6 8. Qa4 Bb7 9. b4 Be7 10. e4 Qc7 11. Bd3 O-O 12. O-O Nh5 13. Bd2 Nb8 14. Rac1 a6 15. Qd1 d6 16. Nd4 g6 17. f4 Bf6 18. Be3 Bg7 19. f5 Re8 20. g4 Nf6 21. g5 Nfd7 22. fxe6 fxe6 23. c5 d5 24. cxb6 Qd6 25. Qf3 Rf8 26. Qh3 Bxd4 27. Bxd4 dxe4 28. Bc5 Nxc5 29. Rxf8+ Kxf8 30. Rf1+ Kg7 31. bxc5 Qxc5+ 32. Rf2 exd3 0-1

[Event "Jugoslavija"]
[Site "?"]
[Date "1995.??.??"]
[Round "?"]
[White "Ilincic, Z."]
[Black "Abramovic, B."]
[Result "1-0"]
[WhiteElo "2555"]
[BlackElo "2480"]
[PlyCount "143"]
[EventDate "1995.??.??"]
[Source "ChessBase"]
[SourceDate "1995.06.01"]

1. d4 Nf6 2. c4 e6 3. Nc3 Bb4 4. Qb3 Nc6 5. Nf3 a5 6. a3 a4 7. Qc2 Bxc3+ 8. bxc3 d6 9. e4 e5 10. h3 Qe7 11. Bd3 O-O 12. Be3 Nd7 13. O-O Nd8 14. g3 Ne6 15. Kg2 h6 16. Nh4 exd4 17. cxd4 c5 18. d5 Nd4 19. Bxd4 cxd4 20. Nf3 Qf6 21. Qd1 b6 22. Re1 Nc5 23. Rb1 Rb8 24. Bc2 Ba6 25. Qxd4 Qxd4 26. Nxd4 Bxc4 27. Nf5 Bb3 28. Bxb3 axb3 29. Nxd6 Ra8 30. Nc4 b5 31. Nd6 Rxa3 32. Rec1 Nd7 33. Rc3 b4 34. Rcxb3 Rxb3 35. Rxb3 Rb8 36. Kf3 Nc5 37. Rb1 b3 38. Ke3 Rb4 39. Kd2 Na4 40. Kd3 b2 41. Nc4 Kf8 42. Nd2 Ke7 43. Re1 Kd6 44. Kc2 Rb8 45. Re3 b1=Q+ 46. Nxb1 Rb2+ 47. Kc1 Rxf2 48. Nd2 Nb6 49. Kd1 Nd7 50. Re2 Rxe2 51. Kxe2 f5 52. Ke3 fxe4 53. Kd4 e3 54. Ne4+ Ke7 55. Kxe3 g6 56. Kd4 Kf7 57. Nc5 Nb6 58. d6 Kf6 59. d7 Ke7 60. Ke5 h5 61. Kf4 Nc4 62. Kg5 Ne5 63. h4 Nc6 64. Kxg6 Kd6 65. Nd3 Kxd7 66. Kxh5 Ke6 67. g4 Ne7 68. Kh6 Kf6 69. Nf4 Ng8+ 70. Kh7 Kf7 71. g5 Ne7 72. h5 1-0

[Event "NED-ch"]
[Site "NED"]
[Date "1994.??.??"]
[Round "6"]
[White "Piket, Jeroen"]
[Black "Van der Werf, Mark"]
[Result "1/2-1/2"]
[WhiteElo "2605"]
[BlackElo "2430"]
[PlyCount "106"]
[EventDate "1994.06.??"]
[Source "ChessBase"]

1. d4 Nf6 2. c4 e6 3. Nc3 Bb4 4. Qb3 c5 5. dxc5 Bxc5 6. Nf3 b6 7. Bg5 Bb7 8. Rd1 h6 9. Bxf6 Qxf6 10. e3 Nc6 11. Be2 Ne5 12. Nxe5 Qxe5 13. Bf3 Bc6 14. Bxc6 dxc6 15. O-O Qc7 16. Rd3 O-O 17. Rfd1 Rad8 18. g3 Be7 19. f4 Rxd3 20. Rxd3 Rd8 21. Ne4 Rxd3 22. Qxd3 f5 23. Nf2 Qd6 24. Kf1 Qxd3+ 25. Nxd3 Bd6 26. Ke2 Kf7 27. Kf3 g5 28. h3 gxf4 29. exf4 h5 30. b3 a5 31. g4 hxg4+ 32. hxg4 fxg4+ 33. Kxg4 Kg6 34. Nf2 Bb4 35. Ne4 Kf7 36. Kf3 Ke7 37. Nf2 Kd6 38. Ke4 Be1 39. Nd3 Bc3 40. a4 Bf6 41. Ke3 Bg7 42. Nf2 Kc5 43. Nd3+ Kd6 44. Ke4 Bf6 45. c5+ bxc5 46. Ne5 Bd8 47. Nc4+ Ke7 48. Nb2 Bc7 49. Nd3 Kd6 50. Ne5 c4 51. Nxc4+ Kc5 52. Ne5 Kb4 53. Nxc6+ Kxb3 1/2-1/2

[Event "Corfu"]
[Site "?"]
[Date "1991.??.??"]
[Round "?"]
[White "Piket, J."]
[Black "Foisor, O."]
[Result "1-0"]
[WhiteElo "2590"]
[BlackElo "2425"]
[PlyCount "73"]
[EventDate "1991.??.??"]
[Source "ChessBase"]
[SourceDate "1991.06.01"]

1. d4 Nf6 2. c4 e6 3. Nc3 Bb4 4. Qb3 Nc6 5. Nf3 a5 6. a3 a4 7. Qc2 Bxc3+ 8. bxc3 d6 9. e4 h6 10. Bd3 e5 11. h3 Qe7 12. Be3 Bd7 13. Nd2 Na5 14. Rb1 Bc6 15. g4 Nb3 16. d5 Bd7 17. Nxb3 axb3 18. Qxb3 b6 19. Kd2 Nh7 20. c5 dxc5 21. f4 f6 22. Rhf1 Nf8 23. fxe5 fxe5 24. Rf2 Ba4 25. Qb2 Nd7 26. Rbf1 Rf8 27. Rxf8+ Nxf8 28. g5 O-O-O 29. gxh6 gxh6 30. Bb5 Bxb5 31. Qxb5 Qd6 32. Kc2 Nd7 33. Qc6 Rg8 34. Rf7 Rg2+ 35. Kd3 c4+ 36. Kxc4 Qxc6+ 37. dxc6 1-0

[Event "San Sebastian ESP"]
[Site "?"]
[Date "2006.04.11"]
[Round "5.2"]
[White "Del Rey Diego"]
[Black "Spraggett Kevin"]
[Result "1/2-1/2"]
[WhiteElo "2431"]
[BlackElo "2575"]
[PlyCount "30"]
[EventDate "2006.??.??"]
[Source "www.chesslib.no"]
[SourceDate "2004.05.04"]

1. d4 Nf6 2. c4 e6 3. Nc3 Bb4 4. Qb3 c5 5. dxc5 Na6 6. Nf3 O-O 7. Bg5 Bxc5 8. e3 b6 9. Be2 Be7 10. O-O Bb7 11. Rfd1 Nc5 12. Qc2 Nce4 13. Nxe4 Nxe4 14. Bxe7 Qxe7 15. Nd2 Nxd2 1/2-1/2

[Event "Tal mem (AC)"]
[Site "?"]
[Date "1992.??.??"]
[Round "?"]
[White "Ruban, V."]
[Black "Dragomarezkij, E."]
[Result "0-1"]
[WhiteElo "2580"]
[BlackElo "2415"]
[PlyCount "61"]
[EventDate "1992.??.??"]
[Source "www.chesslib.no"]
[SourceDate "2004.05.04"]

1. d4 Nf6 2. c4 e6 3. Nc3 Bb4 4. Qb3 c5 5. Nf3 Ne4 6. e3 Qa5 7. Bd2 Nxd2 8. Nxd2 cxd4 9. exd4 Nc6 10. Nf3 b6 11. Rc1 Ba6 12. a3 Be7 13. Qd1 Qh5 14. Be2 O-O 15. O-O Bb7 16. d5 Ne5 17. Re1 Rac8 18. Ne4 exd5 19. Ng3 Nxf3+ 20. Bxf3 Qg5 21. h4 Qf6 22. Bxd5 Bxd5 23. Qxd5 Qxb2 24. Nf5 Bc5 25. Qf3 Qxa3 26. Rc3 Qa2 27. Rd3 g6 28. Ng3 Rc6 29. Ne4 Be7 30. Red1 Rd8 31. Nc3 0-1

[Event "Jugoslavija"]
[Site "?"]
[Date "1995.??.??"]
[Round "?"]
[White "Ilincic, Z."]
[Black "Cvetkovic, S."]
[Result "1-0"]
[WhiteElo "2565"]
[BlackElo "2425"]
[PlyCount "69"]
[EventDate "1995.??.??"]
[Source "ChessBase"]
[SourceDate "1995.02.01"]

1. d4 Nf6 2. c4 e6 3. Nc3 Bb4 4. Qb3 c5 5. a3 Ba5 6. e3 d6 7. Bd3 Nc6 8. Nge2 O-O 9. O-O a6 10. Rd1 Qe7 11. Bd2 Rb8 12. Rac1 h6 13. Bb1 b6 14. Qc2 Bb7 15. Nf4 g6 16. d5 Nd8 17. b4 cxb4 18. axb4 Bxb4 19. dxe6 Nxe6 20. Ncd5 Bxd5 21. Bxb4 Be4 22. Qb2 Nc5 23. Bc3 Ng4 24. f3 Na4 25. Qd2 Nxc3 26. Qxc3 Bxb1 27. Nd5 Qe5 28. fxg4 Ba2 29. Qa3 Bxc4 30. Rxc4 b5 31. Re4 Qg5 32. Qxa6 Rbe8 33. Rxe8 Rxe8 34. Qxb5 Re5 35. Qc4 1-0

[Event "Clarin GP f"]
[Site "Villa Gisell"]
[Date "1998.03.08"]
[Round "2"]
[White "Hoffman, Alejandro"]
[Black "Giaccio, Alfredo Gustavo"]
[Result "1/2-1/2"]
[WhiteElo "2510"]
[BlackElo "2460"]
[PlyCount "74"]
[EventDate "1998.03.07"]
[Source "ChessBase"]
[SourceDate "1998.06.15"]

1. d4 Nf6 2. c4 e6 3. Nc3 Bb4 4. Qb3 Nc6 5. Nf3 Qe7 6. a3 Bxc3+ 7. Qxc3 Ne4 8. Qc2 d5 9. b4 a6 10. e3 O-O 11. Bd3 f5 12. O-O Bd7 13. Ne5 Nxe5 14. dxe5 dxc4 15. Bxc4 Bb5 16. f3 Ng5 17. Bb2 Rfd8 18. Bd4 Nf7 19. f4 Bxc4 20. Qxc4 c6 21. Bb6 Rd5 22. Rad1 Qd7 23. Qc2 Rc8 24. h3 h5 25. Qe2 g6 26. e4 fxe4 27. Qxe4 Kg7 28. Qe2 Rh8 29. Rxd5 cxd5 30. Bd4 Nh6 31. g4 hxg4 32. hxg4 Qd8 33. Bf2 Rf8 34. Bg3 a5 35. Kg2 axb4 36. axb4 Qe7 37. Be1 g5 1/2-1/2

[Event "Dieren op"]
[Site "Dieren"]
[Date "2000.07.20"]
[Round "3"]
[White "Bosch, Jeroen"]
[Black "Ikonnikov, Vyacheslav"]
[Result "0-1"]
[WhiteElo "2405"]
[BlackElo "2548"]
[PlyCount "92"]
[EventDate "2000.07.18"]
[Source "ChessBase"]
[SourceDate "2000.09.14"]

1. d4 Nf6 2. c4 e6 3. Nc3 Bb4 4. Qb3 a5 5. Nf3 d6 6. a3 Bxc3+ 7. Qxc3 a4 8. Bg5 Nbd7 9. e3 b6 10. e4 h6 11. Bxf6 Qxf6 12. e5 dxe5 13. Nxe5 Nxe5 14. dxe5 Qf4 15. Qg3 Qe4+ 16. Be2 Bb7 17. Rd1 O-O 18. Qf3 Ra5 19. Qxe4 Bxe4 20. f3 Bc6 21. f4 g5 22. fxg5 hxg5 23. Bf3 Bxf3 24. gxf3 Rxe5+ 25. Kf2 Kg7 26. h4 Rh8 27. Rdg1 Kf8 28. hxg5 Rxh1 29. Rxh1 Rxg5 30. Rh4 Ke7 31. Rd4 Rh5 32. Kg3 c5 33. Rd1 Rg5+ 34. Kf2 Rg8 35. Rb1 Kd6 36. Ke3 Kc6 37. b3 axb3 38. Rxb3 Rd8 39. Rc3 Rd4 40. Rc1 e5 41. Ke2 Kb7 42. Ke3 Ka6 43. Ke2 Ka5 44. Ke3 Ka4 45. Rc3 f5 46. Ke2 e4 0-1

[Event "JUG Ch"]
[Site "JUG"]
[Date "1988.??.??"]
[Round "?"]
[White "Velimirovic, Dragoljub"]
[Black "Paunovic, Dragan"]
[Result "0-1"]
[WhiteElo "2550"]
[BlackElo "2400"]
[PlyCount "62"]
[EventDate "1988.02.??"]
[Source "www.chesslib.no"]
[SourceDate "2004.05.04"]

1. d4 Nf6 2. c4 e6 3. Nc3 Bb4 4. Qb3 c5 5. dxc5 Bxc5 6. Nf3 b6 7. Bg5 Be7 8. e3 Bb7 9. Be2 Nc6 10. O-O Rc8 11. Qc2 O-O 12. Rad1 a6 13. Qd2 Na5 14. Qd4 h6 15. Bh4 Qc7 16. Bg3 Qc6 17. Rfe1 Rfd8 18. Bf1 d6 19. b3 Qc7 20. Qd2 Nh5 21. Bd3 Nxg3 22. hxg3 d5 23. cxd5 Bb4 24. Bb1 Bxc3 25. Qc2 Rxd5 26. Qh7+ Kf8 27. Nd4 Qd7 28. Qh8+ Ke7 29. Qxg7 Bxd4 30. exd4 Qc7 31. Rc1 Qd6 0-1

[Event "Nederland (ch)"]
[Site "?"]
[Date "1991.??.??"]
[Round "?"]
[White "Pieterse, G."]
[Black "van der Wiel, J."]
[Result "0-1"]
[WhiteElo "2415"]
[BlackElo "2530"]
[PlyCount "104"]
[EventDate "1991.??.??"]
[Source "ChessBase"]
[SourceDate "1991.06.01"]

1. d4 Nf6 2. c4 e6 3. Nc3 Bb4 4. Qb3 c5 5. Nf3 Nc6 6. e3 O-O 7. a3 Ba5 8. Bd3 d5 9. O-O cxd4 10. exd4 dxc4 11. Qxc4 Nd5 12. Be4 Nxc3 13. bxc3 Ne7 14. Bc2 Qd5 15. Qd3 Qf5 16. Qe2 Qh5 17. c4 Bc7 18. Re1 Nf5 19. h3 b6 20. Qf1 Nh4 21. Nxh4 Qxh4 22. Re4 Qd8 23. Qd3 f5 24. Re1 Qd6 25. g3 Qc6 26. d5 exd5 27. cxd5 Qf6 28. Rb1 Bd6 29. Bb2 Qh6 30. Be5 Bd7 31. Bxd6 Qxd6 32. Rbd1 Rae8 33. Re3 Rxe3 34. Qxe3 f4 35. gxf4 Rxf4 36. Re1 Rf7 37. Qe4 Bf5 38. Qc4 Qg6+ 39. Kh1 h6 40. Bxf5 Qxf5 41. Re8+ Kh7 42. Qe4 Qxe4+ 43. Rxe4 Rxf2 44. Rd4 Rf7 45. Kg2 Kg6 46. Kg3 Kf6 47. Kf4 g5+ 48. Ke4 Re7+ 49. Kd3 Ke5 50. a4 Rd7 51. Kc4 Rc7+ 52. Kd3 Rc1 0-1

[Event "FRA-chT"]
[Site "France"]
[Date "1999.??.??"]
[Round "4"]
[White "Summerscale, Aaron"]
[Black "Renet, Olivier"]
[Result "0-1"]
[WhiteElo "2440"]
[BlackElo "2500"]
[PlyCount "56"]
[EventDate "1999.02.??"]
[Source "www.chesslib.no"]
[SourceDate "2004.05.04"]

1. d4 e6 2. c4 Nf6 3. Nc3 Bb4 4. Qb3 c5 5. dxc5 Na6 6. Bg5 Qa5 7. Bd2 Nxc5 8. Qc2 Nce4 9. Nxe4 Nxe4 10. Nf3 d5 11. e3 Bd7 12. cxd5 Nxd2 13. Nxd2 Rc8 14. Qd3 Rc5 15. e4 exd5 16. e5 O-O 17. a3 Re8 18. f4 Rc4 19. Rd1 Re4+ 20. Be2 Bb5 21. axb4 Bxd3 22. Nxe4 Qxb4+ 23. Nd2 Bxe2 24. Kxe2 Qxf4 25. Nf3 f6 26. Kf2 fxe5 27. Rxd5 e4 28. Re1 Qf8 0-1